000
00314nam a22001217a 4500
008
171002b xxu||||| |||| 00| 0 eng d
041
_a
eng
080
_a
159.9
100
_a
48
101
_a
edu
245
_a
LEARNING THEORY, INSTRUCTIONAL THEORY AND PSYCHOEDUCATIONAL DESIGN
_c
SNELBECKER, G.E
942
_2
udc
_c
BK
999
_c
31219
_d
31219